Sports Quiz

Random Sports or MLB Quiz

MLB 2000 Runs Produced for One Franchise Quiz Stats

 Plays Quiz Updated Dec 27, 2018

Challenge
Share
Tweet
Embed
Score 0/74 Timer 10:00
3 Plays Today
RP Player % Correct
3271Babe Ruth
96.6%
3576Hank Aaron
93.7%
3116Ted Williams
91.4%
2336Bernie Williams
91.2%
2267Billy Williams
91%
2974Derek Jeter
90.3%
2409Barry Bonds
90.1%
3782Ty Cobb
89.8%
2649Mickey Mantle
88.8%
3224Willie Mays
88.6%
3390Lou Gehrig
88.1%
2911Cal Ripken
87.9%
2175Albert Pujols
86.6%
2774Chipper Jones
85.8%
2597Jeff Bagwell
84.9%
2728Craig Biggio
84.3%
2251David Ortiz
84%
2625Pete Rose
82.7%
2861George Brett
81.5%
3425Stan Musial
81.4%
2566Joe DiMaggio
80.3%
2553Mike Schmidt
79.4%
3208Carl Yastrzemski
79%
2321Brooks Robinson
77.8%
2438Todd Helton
77%
2386Tony Gwynn
76.4%
2429Ernie Banks
76.3%
2114Sammy Sosa
76.1%
2344Frank Thomas
75.4%
2481Roberto Clemente
74.8%
2787Robin Yount
74.6%
2246Yogi Berra
70%
2171Edgar Martinez
69.2%
2914Honus Wagner
67.3%
2078Johnny Bench
66.1%
2318Jim Rice
64.9%
2478Sam Rice
64.7%
RP Player % Correct
2260Willie Stargell
64.6%
2092Paul Konerko
64.5%
2806Al Kaline
63.3%
2239Harmon Killebrew
63.2%
2091Barry Larkin
63.1%
2095Ryne Sandberg
62.9%
2032Willie McCovey
62.2%
3208Mel Ott
57.1%
2049Alan Trammell
55.1%
2044Garret Anderson
54.8%
2081Duke Snider
49.6%
2347Eddie Mathews
48.2%
2062Ron Santo
45.6%
2226Lou Whitaker
45.6%
2402Dwight Evans
44%
3505Cap Anson
43.9%
2112Lou Brock
43.5%
2097Pee Wee Reese
38.4%
2561Paul Waner
32.5%
3017Charlie Gehringer
28.4%
2118Bobby Doerr
21.8%
2390Luke Appling
21.7%
2309Sam Crawford
19.8%
2073Enos Slaughter
18.6%
2398Pie Traynor
16.3%
2569Ed Delahanty
15.3%
2334Zack Wheat
14.4%
2487Harry Heilmann
13.6%
2044Bill Terry
12.5%
2012Earl Averill
9.1%
2703Bid McPhee
8.7%
2066Max Carey
6%
2084Joe Judge
3.6%
2225Jimmy Ryan
3%
2168Herman Long
2%
2207Ed McKean
1.5%
2063Mike Tiernan
1.3%

You're not logged in!

Compare scores with friends on all Sporcle quizzes.
OR
Log In

You Might Also Like...

Show Comments

Extras

Top Quizzes Today


Score Distribution

Your Account Isn't Verified!

In order to create a playlist on Sporcle, you need to verify the email address you used during registration. Go to your Sporcle Settings to finish the process.

Report this User

Report this user for behavior that violates our Community Guidelines.

Details: